[Event "Lovsprings op 06th E"]
[Site "Ringsted"]
[Date "1994.04.10"]
[Round "3"]
[White "Youssef, Samir"]
[Black "Brons, Brian"]
[Result "1-0"]
[WhiteElo "1344"]
[BlackElo "1284"]
[PlyCount "45"]
[EventDate "1994.03.27"]
[EventType "swiss"]
[EventRounds "7"]
[EventCountry "DEN"]
[SourceTitle "EXT 2023"]
[Source "ChessBase"]
[SourceDate "2022.10.05"]
[SourceVersion "1"]
[SourceVersionDate "2022.10.05"]
[SourceQuality "1"]

1. e4 e5 2. Nf3 Nc6 3. Bc4 Bc5 4. c3 Nf6 5. d4 exd4 6. cxd4 Bb4+ 7. Nc3 0-0 8. Bd3 h6 9. 0-0 Bxc3 10. bxc3 d6 11. Bc2 Ne7 12. Qd3 Ng6 13. h4 Bg4 14. Rd1 Re8 15. Re1 Qc8 16. Nh2 h5 17. Bg5 Nh7 18. Qd2 c5 19. Nxg4 Qxg4 20. Bd1 Qc8 21. Bxh5 Qe6 22. f4 Qc4 23. Be2 1-0